| 000 | 00511cam a22001691 4500 | ||
|---|---|---|---|
| 082 | 0 | 0 |
_a660.28427 _bMCA _cL-12, P-13 |
| 100 | 1 |
_aMcAdams, William H. _944734 |
|
| 245 | 0 | 0 |
_aHeat transmission _c[by] William H. McAdams. |
| 250 | _a3d ed. | ||
| 260 |
_aNew York, _bMcGraw-Hill, _c1954. |
||
| 300 |
_a532 p. _billus. _c24 cm. |
||
| 490 | 0 | _aMcGraw-Hill series in chemical engineering | |
| 526 |
_a0 _b0 _c0 _d660_284270000000000_MCA |
||
| 650 | 0 |
_aHeat _xTransmission. _91537 |
|
| 650 | 0 |
_aMCE _9379 |
|
| 942 |
_2ddc _cBK |
||
| 999 |
_c548441 _d548441 |
||